<?xml version="1.0" encoding="UTF-8"?>
<collection xmlns="http://www.loc.gov/MARC21/slim">
<record>
  <controlfield tag="001">147914</controlfield>
  <controlfield tag="005">20250109162738.0</controlfield>
  <datafield tag="024" ind1="8" ind2=" ">
    <subfield code="2">sideral</subfield>
    <subfield code="a">141473</subfield>
  </datafield>
  <datafield tag="037" ind1=" " ind2=" ">
    <subfield code="a">ART-2010-141473</subfield>
  </datafield>
  <datafield tag="041" ind1=" " ind2=" ">
    <subfield code="a">eng</subfield>
  </datafield>
  <datafield tag="100" ind1=" " ind2=" ">
    <subfield code="a">Luna, K.</subfield>
  </datafield>
  <datafield tag="245" ind1=" " ind2=" ">
    <subfield code="a">New advances in the study of the confidence-accuracy relationship in the memory for events</subfield>
  </datafield>
  <datafield tag="260" ind1=" " ind2=" ">
    <subfield code="c">2010</subfield>
  </datafield>
  <datafield tag="520" ind1="3" ind2=" ">
    <subfield code="a">https://doaj.org/article/ac6c1a27cdde4cf892916b3cbdb32def

It has been suggested that calibration, and not correlation, could be a better analysis to examine the confidence-accuracy relationship. Calibration refers to the degree in which confidence ratings correspond with the objective probability that the answer is correct. However, to date calibration has been calculated only in a few studies that have addressed eyewitness identification, and never in the memory for events. For this reason, four experiments were conducted to examine the calibration between confidence and accuracy in the recognition and recall of a criminal situation. The basic procedure involved the presentation of a crime through slides or video, followed by a questionnaire. Confidence ratings were also required. Results showed in general a good confidence-accuracy calibration, with variations depending on the memory test and the variables manipulated. They also showed that participants are slightly overconfident, and that they do not calibrate confidence well in the low-medium levels of difficulty. The main conclusion of this research is that confidence could help to evaluate the accuracy of a testimony under certain circumstances, although generalising the results to real-life situations should be done with caution. © The European Journal of Psychology Applied to Legal Context.</subfield>
  </datafield>
  <datafield tag="506" ind1="0" ind2=" ">
    <subfield code="a">Access copy available to the general public</subfield>
    <subfield code="f">Unrestricted</subfield>
  </datafield>
  <datafield tag="540" ind1=" " ind2=" ">
    <subfield code="9">info:eu-repo/semantics/openAccess</subfield>
    <subfield code="a">by-nc-nd</subfield>
    <subfield code="u">http://creativecommons.org/licenses/by-nc-nd/3.0/es/</subfield>
  </datafield>
  <datafield tag="655" ind1=" " ind2="4">
    <subfield code="a">info:eu-repo/semantics/article</subfield>
    <subfield code="v">info:eu-repo/semantics/publishedVersion</subfield>
  </datafield>
  <datafield tag="700" ind1=" " ind2=" ">
    <subfield code="a">Martín-Luengo, B.</subfield>
    <subfield code="0">(orcid)0000-0003-3642-5337</subfield>
  </datafield>
  <datafield tag="773" ind1=" " ind2=" ">
    <subfield code="g">2, 2 (2010), 55-71</subfield>
    <subfield code="p">EUR J PSYCHOL APPL L</subfield>
    <subfield code="t">European journal of psychology applied to legal context</subfield>
    <subfield code="x">1889-1861</subfield>
  </datafield>
  <datafield tag="856" ind1="4" ind2="1">
    <subfield code="u">https://doaj.org/article/ac6c1a27cdde4cf892916b3cbdb32def</subfield>
    <subfield code="z">Texto completo de la revista</subfield>
  </datafield>
  <datafield tag="856" ind1="4" ind2=" ">
    <subfield code="s">260491</subfield>
    <subfield code="u">http://zaguan.unizar.es/record/147914/files/texto_completo.pdf</subfield>
    <subfield code="y">Versión publicada</subfield>
  </datafield>
  <datafield tag="856" ind1="4" ind2=" ">
    <subfield code="s">2236901</subfield>
    <subfield code="u">http://zaguan.unizar.es/record/147914/files/texto_completo.jpg?subformat=icon</subfield>
    <subfield code="x">icon</subfield>
    <subfield code="y">Versión publicada</subfield>
  </datafield>
  <datafield tag="909" ind1="C" ind2="O">
    <subfield code="o">oai:zaguan.unizar.es:147914</subfield>
    <subfield code="p">articulos</subfield>
    <subfield code="p">driver</subfield>
  </datafield>
  <datafield tag="951" ind1=" " ind2=" ">
    <subfield code="a">2025-01-09-14:41:45</subfield>
  </datafield>
  <datafield tag="980" ind1=" " ind2=" ">
    <subfield code="a">ARTICLE</subfield>
  </datafield>
</record>
</collection>